Statistics for Electric type Pokemon

Click here to take the quiz!

General Stats

  • This quiz has been taken 3,587 times
    (2,693 since last reset)
  • The average score is 30 of 47

Answer Stats

Secondary TypePokemon% Correct
NonePikachu
99%
NoneRaichu
97%
SteelMagnemite
88%
SteelMagneton
88%
FlyingZapdos
88%
NoneElectabuzz
82%
NonePichu
82%
NoneVoltorb
81%
NoneElectrode
80%
NoneElekid
77%
WaterLanturn
73%
SteelMagnezone
73%
WaterChinchou
69%
NoneElectivire
67%
WaterRotom
66%
FireRotom
66%
GhostRotom
66%
GrassRotom
66%
IceRotom
66%
FlyingRotom
66%
NoneJolteon
65%
DragonZekrom
64%
NoneAmpharos
62%
NoneManectric
62%
NoneMareep
62%
NonePlusle
62%
NoneElectrike
61%
NoneMinun
61%
FlyingEmolga
60%
BugJoltik
57%
NoneFlaaffy
56%
NoneRaikou
56%
FairyDedenne
55%
NoneLuxray
55%
NoneShinx
54%
BugGalvantula
53%
NoneLuxio
53%
NonePachirisu
50%
GroundStunfisk
49%
NoneZebstrika
49%
NoneTynamo
48%
NoneBlitzle
45%
NoneEelektross
45%
NormalHelioptile
44%
FlyingThundurus
44%
NormalHeliolisk
43%
NoneEelektrik
41%

Score Distribution

Percentile by Number Answered

Percent of People with Each Score

Your Score History

You have not taken this quiz since the last reset